000 00427nam a2200157 i 4500
001 102545
003 ES-MaACL
005 20230906183131.0
007 t|
008 051117s1967 sp ||||1| spa d
100 1 _aMerino, Joaquín.
_980518
245 1 3 _aLa isla /
_cJoaquín Merino.
260 _aMadrid :
_b[s.n.],
_c1967 (
_fImp. Heraldo de Aragón)
300 _a93 p. ;
_c21 cm.
852 _aES-MaACL
_jC-33187
_bR.63993
999 _c102545
_d102545